[Event "Hamburg Seniors op 19th"]
[Site "Hamburg"]
[Date "2012.10.28"]
[Round "5"]
[White "Wuensch, Ulrich"]
[Black "Werner, Joern"]
[Result "0-1"]
[WhiteElo "1957"]
[BlackElo "1639"]
[PlyCount "120"]
[EventDate "2012.10.24"]
[EventType "swiss"]
[EventRounds "9"]
[EventCountry "GER"]
[SourceTitle "EXT 2015"]
[Source "ChessBase"]
[SourceDate "2014.11.20"]
[SourceVersion "1"]
[SourceVersionDate "2014.11.20"]
[SourceQuality "1"]

1. d4 d5 2. Nf3 e6 3. e3 Nf6 4. Bd3 c5 5. c3 Nc6 6. Nbd2 cxd4 7. exd4 Bd6 8. 0-0 Bc7 9. Re1 Bb6 10. Ne5 Bc7 11. Ndf3 h6 12. Bd2 Bd7 13. Qe2 Qe7 14. a4 g5 15. Nxc6 Bxc6 16. Ne5 Qd6 17. g3 Nd7 18. Nxf7 Kxf7 19. Qh5+ Ke7 20. Bxg5+ hxg5 21. Qxg5+ Kf8 22. Re3 Qe7 23. Rf3+ Nf6 24. Rxf6+ Ke8 25. Qg6+ Kd8 26. Rxe6 Be8 27. Qf6 Qxf6 28. Rxf6 Ke7 29. Rf3 Bd6 30. Re3+ Kd7 31. Rae1 Kc7 32. b3 Bd7 33. f4 Rag8 34. Bc2 Bxf4 35. Rf3 Bd6 36. c4 Bb4 37. Re5 dxc4 38. bxc4 Rg4 39. Rf4 Rxf4 40. gxf4 Rh4 41. f5 Rxd4 42. c5 Rf4 43. Kg2 Bc3 44. Re7 Kd8 45. Rf7 Ke8 46. Rh7 Bd4 47. Kg3 Rf1 48. Be4 Bxc5 49. Bxb7 Rxf5 50. h4 Bxa4 51. h5 Kf8 52. Be4 Rf1 53. Bf3 Rg1+ 54. Kh2 Rg5 55. Kh3 Bf2 56. Bg4 Bb5 57. Be6 Bf1+ 58. Kh2 Bg1+ 59. Kh1 Bg2+ 60. Kxg1 Be4+ 0-1

[Event "Hamburg Seniors op 19th"]
[Site "Hamburg"]
[Date "2012.10.24"]
[Round "1"]
[White "Krischer, Ulrich"]
[Black "Wuensch, Ulrich"]
[Result "0-1"]
[WhiteElo "1565"]
[BlackElo "1957"]
[PlyCount "64"]
[EventDate "2012.10.24"]
[EventType "swiss"]
[EventRounds "9"]
[EventCountry "GER"]
[SourceTitle "EXT 2015"]
[Source "ChessBase"]
[SourceDate "2014.11.20"]
[SourceVersion "1"]
[SourceVersionDate "2014.11.20"]
[SourceQuality "1"]

1. d4 Nf6 2. c4 e6 3. Nc3 Bb4 4. Qc2 0-0 5. a3 Bxc3+ 6. Qxc3 d6 7. Nf3 Nbd7 8. h3 b6 9. Bf4 Bb7 10. e3 Ne4 11. Qc2 f5 12. Bd3 Ndf6 13. 0-0-0 Qe7 14. Rhg1 c5 15. Ng5 cxd4 16. exd4 Rac8 17. Nxe4 fxe4 18. Be2 d5 19. Kb1 dxc4 20. Qa4 Nd5 21. Be3 c3 22. Rc1 cxb2 23. Kxb2 Nxe3 24. fxe3 Rf2 25. Rxc8+ Bxc8 26. Qc4 Bb7 27. a4 h6 28. g4 Bd5 29. Qb5 a6 30. Qxa6 Qb4+ 31. Kc2 Bb3+ 32. Kb2 Bc4+ 0-1